MDQL
is popping MORE tags! Check the
thread
!
Quizzes
Events
Quiz Creation
Community
Videos
Private Events
Remove Ads
Sign In
Join for FREE
Feedback
Dark Mode
Quiz Categories
Sports
Geography
Music
Movies
Television
Just For Fun
Miscellaneous
History
Literature
Language
Science
Gaming
Entertainment
Religion
Holiday
For Kids
Quiz Lab
Recent
Popular Today
Quiz Kudos Today
Editor Picks
Curator Picks
Quizzes by...
Day
Popularity
Type
Ratings
Length
Year
Community
Subscriptions
Recent Discussions
Orange Saloon
Badges
Playlists
Quests
Create
Leaderboards
Showdown
Live 5
Trivia Bingo
Activity
Puzzle Library
Sporcle Events
Private Events
Virtual Trivia
Globe League
Become a Host
Pub Owners
SporcleCon
Opinionation
Our Games
Videos
Blog
Mobile Apps
Partnerships
Remove Ads and Go Orange
Feedback
Sports
Athletes
MLB
NBA
NHL
NFL
Soccer
Sports Teams
WWE
NCAA
Football
Premier League
Basketball
Baseball
Hockey
Golf
Tennis
Cricket
Rugby
Auto Racing
Olympics
World Cup
Sports
Athletes
MLB
NBA
NHL
NFL
Soccer
Sports Teams
WWE
NCAA
Football
Premier League
Basketball
Baseball
Hockey
Golf
Tennis
Cricket
Rugby
Auto Racing
Olympics
World Cup
Random Quiz
Search Sporcle
×
Quiz Lab
Quiz Lab
Sports
Heavyweight
Type in answers that appear in a list
Type in answers that appear in a list
Classic
Best Score? Go Orange.
FWA/XWA British Heavyweight Champions Stats
Can you name the FWA/XWA British Heavyweight Champions?
By
opcws
5m
17 Questions
67 Plays
67 Plays
67 Plays
Comments
Comments
Give Quiz Kudos
Give Quiz Kudos
-
- Ratings
hide this ad
Replay
Link that replays current quiz
Next Quiz
Link to next quiz in quiz playlist
You Got
0%
They Got
Avg Score
73%
Avg Friend Score
Upgrade to see
Score Distribution
Jump to the score distribution portion of the page
Score
0/17
Timer
05:00
0
Plays Today
Notes
Champion
% Correct
'Wonderkid' Jonny Storm
94%
Stripped of title 6 days after victory
'The Phoenix' Jody Fleisch
92.5%
Won vacated title, defeating Flash Barker in a ladder match
'The Phoenix' Jody Fleisch
92.5%
'The Showstealer' Alex Shane
88.1%
'The Showstealer' Alex Shane
88.1%
Won vacated title, defeating Scott Parker in a tournament final
'The Anarchist' Doug Williams
88.1%
First champion to win belt overseas, longest reign in title's history
'The Anarchist' Doug Williams
88.1%
First and only non-
English champion
'The Fallen Angel' Chrisopher Daniels
80.6%
Flash Barker
76.1%
Notes
Champion
% Correct
Became XWA's first double champion, holding both the Heavyweight and Flyweight titles
'The Rockstar' Spud
71.6%
First champion, defeated Paul Glory in tournament final
'The Specialist' Mark Sloan
68.7%
Sam Slam
68.7%
Last champion of the FWA, first champion of the XWA
'Wildcat' Robbie Brookside
62.7%
Defeated previous champion, Joe Legend, Jody Fleisch and Jonny Storm in The Chamion's Series 5-
way match
'The South City Thriller' Hade Vansen
61.2%
Vacater title 8 days later
Guy Thunder
55.2%
Defeated previous champion, Sam Slam and Johnny Phere in a Final Four match
'The Shining Light' Stevie Knight
43.3%
Won vacated title, defeating Scottie Rock, Guy Thunder & Jorge Castano in a four-
way match. Stripped for missing title defence
Justin Richards
34.3%
Quiz Playlist
Details
Report
Send in Message
Add To Playlist
Classic:
Type in answers that appear in a list
Quiz Source
Last Updated: Feb 16, 2017
Quiz Scoreboard
CHALLENGE
Sign Up to Join the Scoreboard
Show All
Scores
Hide
Comments
May contain spoilers
Recently Published
Image Sorting: Flags VI
by Barbecue
Geography
2m
Find the 'City' Movie
by crazypaving
Movies
60s
Colored Red Africa Blitz
by spor1
Geography
45s
More to Explore
Quiz From the Vault
Featured Blog Post
14 Easter Pick-up Lines to Find Eggs With
hide this ad
You Might Also Like...
Tags
British
champion
FWA
Heavyweight
Heavyweight Champions
note
reign
Today's Top Quizzes in Sports
Browse Sports
hide this ad
Today's Top Quizzes in Heavyweight
Browse Heavyweight
Top Contributed Quizzes in Sports
1
Les meilleurs buteurs des matchs entre le PSG et l’OM
2
Les entraîneurs de l'OM et du PSG au 21e siècle
3
Les joueurs passés par le PSG et l'OM
4
2022 World Cup Stars
5
Players with Multiple 50 Home Run Seasons
6
Criteria MLB: Left Handed Sluggers
7
Les joueurs passés par le LOSC et le RC Lens
8
NBA Logic Puzzle 2.0
9
MLB Players with Two .350 Batting Average Seasons
10
FIFA Club World Cup Champions
Explore More
Trending Topics
NBA
Disney
Anime
Kpop
Harry Potter
Marvel
Crossword
Pokémon
The Office
Puzzle
Country
NFL
Soccer
Song
WWE
hide this ad
More By:
opcws
Quiz
Plays
Rating
Category
Featured
Created
Premiership Rugby Grounds
21,882
3.54
Sports
May 4, 2011
Champions Cup Grounds
9,732
3.00
Sports
May 4, 2011
Rugby World Cup Final try scorers
249
5.00
Sports
Jul 31, 2012
English and Anglo Welsh Cup Winners
88
5.00
Sports
Jul 26, 2012
FWA/XWA British Heavyweight Champions
67
Sports
Oct 31, 2009
Go to Creator's Profile
Score Distribution
Quiz Creator Spotlight
opcws
Follow
Send a Message
Quizzes Created
-
Created Quiz Play Count
-
More By This Creator
Popular Quizzes Today
1
Colored Red Africa Blitz
2
Find the US States - No Outlines Minefield
3
Find the 'City' Movie
4
5x2 Blitz: Bands
5
The Countries of the World
6
Find the US States
7
Find the Countries of Europe - No Outlines Minefield
8
US States
More Sports Quizzes
Cycling: CQ Ranking 2020
Quiz Lab
Trending Quizzes
Colored Red Europe Blitz I
Colored Red Europe Blitz II
Colored Red Africa Blitz II
Colored Red Europe Blitz III
Colored Red Africa Blitz III
Recently Updated
How Do You Spell That?
pecheneg
Godzilla Movies
pecheneg
Grab Bag: 4-10 Letters
pecheneg
2024 March Madness Bracket
pecheneg
Famous TV Couples
Peacemaker
Champions League XIs: Real Madrid
pecheneg
Largest US Cities 1790-2010
pecheneg
Rides in Walt Disney World
pecheneg
Most Oscar Losses (Acting)
pecheneg
Beyoncé Albums
pecheneg
Trending Topics
Crossword
Disney
Anime
Marvel
Kpop
NBA
Harry Potter
Puzzle
The Office
Pokémon
NFL
Soccer
WWE
Country
Song
Your Account Isn't Verified!
In order to create a playlist on Sporcle, you need to verify the email address you used during registration. Go to your
Sporcle Settings
to finish the process.
Report this User
Report this user for behavior that violates our
Community Guidelines
.
Details:
Send Report
Go to the Sporcle.com Mobile Site →
Comments